[Event "Kinross USSA op"]
[Site "Kinross"]
[Date "2018.07.02"]
[Round "1"]
[White "Pon, Matt"]
[Black "Goge, Thobela"]
[Result "1-0"]
[WhiteElo "2140"]
[BlackElo "1116"]
[PlyCount "57"]
[EventDate "2018.07.02"]
[EventType "swiss"]
[EventRounds "9"]
[EventCountry "RSA"]
[SourceTitle "CBM 185 Extra"]
[Source "ChessBase"]
[SourceDate "2018.07.29"]
[SourceVersion "1"]
[SourceVersionDate "2018.07.29"]
[SourceQuality "1"]

1. d4 Nf6 2. c4 g6 3. Nc3 Bg7 4. e4 d6 5. Nf3 0-0 6. h3 e5 7. d5 Nbd7 8. Bg5 h6 9. Be3 Nh5 10. Qd2 Kh7 11. Bd3 f5 12. exf5 gxf5 13. g4 e4 14. Nxe4 fxe4 15. Bxe4+ Kh8 16. gxh5 Nf6 17. Bg6 Ng8 18. Nd4 Qf6 19. 0-0-0 Bd7 20. Rhg1 a5 21. Bc2 Ne7 22. Rxg7 Qxg7 23. Bxh6 Qf6 24. Bxf8 Qxf8 25. Rg1 a4 26. Ne6 Qf6 27. Qd3 Qh6+ 28. Kb1 Bxe6 29. Qd4+ 1-0